[Event "GER Seniors Derby 07th"]
[Site "Wesel Undeloh"]
[Date "2008.03.28"]
[Round "3.16"]
[White "Busse, Gerd"]
[Black "Milatz, Gunther"]
[Result "1-0"]
[WhiteElo "1672"]
[BlackElo "1540"]
[PlyCount "67"]
[EventDate "2008.03.27"]
[EventType "swiss"]
[EventRounds "7"]
[EventCountry "GER"]
[SourceTitle "EXT 2022"]
[Source "ChessBase"]
[SourceDate "2021.10.06"]
[SourceVersion "1"]
[SourceVersionDate "2021.10.06"]
[SourceQuality "1"]

1. e4 c5 2. Nc3 Nc6 3. f4 g6 4. Nf3 Bg7 5. Bc4 d6 6. 0-0 Nf6 7. d3 0-0 8. Qe1 Na5 9. Bb3 Nxb3 10. axb3 a6 11. Qh4 Bg4 12. f5 Bxf3 13. Rxf3 h5 14. Bg5 Qd7 15. Raf1 Rae8 16. Qg3 Kh7 17. Ne2 Ng4 18. h3 Ne5 19. R3f2 f6 20. fxg6+ Nxg6 21. Be3 Bh6 22. Rf5 h4 23. Qf2 Bxe3 24. Qxe3 Kg7 25. Qf3 Rh8 26. Nf4 Nxf4 27. Qxf4 Kf7 28. Qg4 Qc8 29. Qf3 Qe6 30. c3 Reg8 31. d4 Rg3 32. d5 Rxf3 33. dxe6+ Kxe6 34. R5xf3 1-0